<?xml version="1.0" encoding="UTF-8"?>
<collection xmlns="http://www.loc.gov/MARC21/slim">
<record>
  <controlfield tag="001">161981</controlfield>
  <controlfield tag="005">20251017144609.0</controlfield>
  <datafield tag="024" ind1="7" ind2=" ">
    <subfield code="2">doi</subfield>
    <subfield code="a">10.54108/10024</subfield>
  </datafield>
  <datafield tag="024" ind1="8" ind2=" ">
    <subfield code="2">sideral</subfield>
    <subfield code="a">144622</subfield>
  </datafield>
  <datafield tag="037" ind1=" " ind2=" ">
    <subfield code="a">ART-2022-144622</subfield>
  </datafield>
  <datafield tag="041" ind1=" " ind2=" ">
    <subfield code="a">spa</subfield>
  </datafield>
  <datafield tag="100" ind1=" " ind2=" ">
    <subfield code="a">Medina-Castillo, Alba</subfield>
  </datafield>
  <datafield tag="245" ind1=" " ind2=" ">
    <subfield code="a">Modificaciones en el consumo recreativo de cannabis durante el confinamiento domiciliario en la pandemia por la COVID-19</subfield>
  </datafield>
  <datafield tag="260" ind1=" " ind2=" ">
    <subfield code="c">2022</subfield>
  </datafield>
  <datafield tag="506" ind1="0" ind2=" ">
    <subfield code="a">Access copy available to the general public</subfield>
    <subfield code="f">Unrestricted</subfield>
  </datafield>
  <datafield tag="520" ind1="3" ind2=" ">
    <subfield code="a">El objetivo del presente artículo fue analizar la influencia del confinamiento poblacional en la experiencia de consumo de cannabis e identificar los factores que modulan el patrón de consumo de esta sustancia en un grupo de usuarios de drogas residentes en la comunidad autónoma de Aragón (España). Para ello, se realizó un estudio de tipo cualitativo basado en la realización de dieciséis entrevistas personales semiestructuradas a consumidores de cannabis según un muestreo no aleatorio en bola de nieve. Tras el análisis de su discurso se observaron modificaciones tanto de aumento como de disminución en la experiencia de consumo, además de una posible relación entre los cambios producidos en el patrón de consumo de estos usuarios y las restricciones decretadas por el gobierno de este país. Así se concluyó que el confinamiento poblacional generó modificaciones en el patrón de consumo de los usuarios de drogas, el incremento del consumo se dio en usuarios con un aumento del tiempo libre disponible y que realizaron acopio de cannabis previo al asilamiento. Mientras, la reducción se relacionó con la disminución de las oportunidades para consumir cannabis, desconocimiento de proveedores y ampliación de las jornadas laborales, principalmente.</subfield>
  </datafield>
  <datafield tag="540" ind1=" " ind2=" ">
    <subfield code="9">info:eu-repo/semantics/openAccess</subfield>
    <subfield code="a">by-nd</subfield>
    <subfield code="u">https://creativecommons.org/licenses/by-nd/4.0/deed.es</subfield>
  </datafield>
  <datafield tag="592" ind1=" " ind2=" ">
    <subfield code="a">0.119</subfield>
    <subfield code="b">2022</subfield>
  </datafield>
  <datafield tag="593" ind1=" " ind2=" ">
    <subfield code="a">Psychiatry and Mental Health</subfield>
    <subfield code="c">2022</subfield>
    <subfield code="d">Q4</subfield>
  </datafield>
  <datafield tag="594" ind1=" " ind2=" ">
    <subfield code="a">0.5</subfield>
    <subfield code="b">2022</subfield>
  </datafield>
  <datafield tag="655" ind1=" " ind2="4">
    <subfield code="a">info:eu-repo/semantics/article</subfield>
    <subfield code="v">info:eu-repo/semantics/publishedVersion</subfield>
  </datafield>
  <datafield tag="700" ind1=" " ind2=" ">
    <subfield code="a">Aguilón Leiva, Juan José</subfield>
    <subfield code="0">(orcid)0000-0003-1411-524X</subfield>
  </datafield>
  <datafield tag="700" ind1=" " ind2=" ">
    <subfield code="a">Torres Pérez, Antonio Manuel</subfield>
  </datafield>
  <datafield tag="700" ind1=" " ind2=" ">
    <subfield code="a">Mir Ramos, Eduardo</subfield>
  </datafield>
  <datafield tag="700" ind1=" " ind2=" ">
    <subfield code="a">Fernández Rodrigo, María Teresa</subfield>
    <subfield code="u">Universidad de Zaragoza</subfield>
    <subfield code="0">(orcid)0000-0002-6455-119X</subfield>
  </datafield>
  <datafield tag="700" ind1=" " ind2=" ">
    <subfield code="a">Satústegui Dordá, Pedro José</subfield>
    <subfield code="u">Universidad de Zaragoza</subfield>
    <subfield code="0">(orcid)0000-0003-0083-5940</subfield>
  </datafield>
  <datafield tag="710" ind1="2" ind2=" ">
    <subfield code="1">1006</subfield>
    <subfield code="2">255</subfield>
    <subfield code="a">Universidad de Zaragoza</subfield>
    <subfield code="b">Dpto. Fisiatría y Enfermería</subfield>
    <subfield code="c">Área Enfermería</subfield>
  </datafield>
  <datafield tag="773" ind1=" " ind2=" ">
    <subfield code="g">47, 3 (2022), 69-81</subfield>
    <subfield code="p">Rev. esp. drogodepend.</subfield>
    <subfield code="t">Revista española de drogodependencias</subfield>
    <subfield code="x">0213-7615</subfield>
  </datafield>
  <datafield tag="856" ind1="4" ind2=" ">
    <subfield code="s">254861</subfield>
    <subfield code="u">http://zaguan.unizar.es/record/161981/files/texto_completo.pdf</subfield>
    <subfield code="y">Versión publicada</subfield>
  </datafield>
  <datafield tag="856" ind1="4" ind2=" ">
    <subfield code="s">1133036</subfield>
    <subfield code="u">http://zaguan.unizar.es/record/161981/files/texto_completo.jpg?subformat=icon</subfield>
    <subfield code="x">icon</subfield>
    <subfield code="y">Versión publicada</subfield>
  </datafield>
  <datafield tag="856" ind1="4" ind2="1">
    <subfield code="u">https://red.aesed.com/es/modificaciones-en-el-consumo-recreativo-de-cannabis-durante-el-confinamiento-domiciliario-en-la-pandemia-por-la-covid-19</subfield>
    <subfield code="z">Texto completo de la revista</subfield>
  </datafield>
  <datafield tag="909" ind1="C" ind2="O">
    <subfield code="o">oai:zaguan.unizar.es:161981</subfield>
    <subfield code="p">articulos</subfield>
    <subfield code="p">driver</subfield>
  </datafield>
  <datafield tag="951" ind1=" " ind2=" ">
    <subfield code="a">2025-10-17-14:16:46</subfield>
  </datafield>
  <datafield tag="980" ind1=" " ind2=" ">
    <subfield code="a">ARTICLE</subfield>
  </datafield>
</record>
</collection>